000 00987nam a2200229 a 4500
001 39293
003 BD-RjUL
005 20211209052947.0
008 160407s2015 bg a|||e |||| 00| 0 ben d
020 _a9789849120216
_cTK.350.00
035 _a(BD-RjUL)39406
040 _aBD-RjUL
_bben
_cBD-RjUL
041 _aben
082 _223
_bSOM 2015
_a954.9205
245 0 0 _aসম্মুখযুদ্ধ ১৯৭১ :
_bমুক্তিযোদ্ধাদের কলমে /
_cসম্পাদক মতিউর রহমান
260 _aঢাকা :
_bপ্রথমা প্রকাশন ,
_c২০১৫
300 _a২০৮ পৃ. :
_bচিত্র ;
_c২১ সেমি
650 _aবাংলাদেশ
_9121141
_xইতিহাস
_yমুক্তিযুদ্ধ, ১৯৭১
650 _aBangladesh
_9118264
_xHistory
_yRevolution, 1971
700 _aরহমান , মতিউর্‌ , সম্পাদক
_9121136
942 _2ddc
_cBK
_01
999 _c39293
_d39293